[Event "CAN-ch U18"]
[Site "Quebec"]
[Date "2018.07.03"]
[Round "3.6"]
[White "Johnson, Damian"]
[Black "McGovern, Michael"]
[Result "0-1"]
[WhiteElo "955"]
[BlackElo "1281"]
[PlyCount "76"]
[EventDate "2018.07.02"]
[EventType "swiss"]
[EventRounds "7"]
[EventCountry "CAN"]
[SourceTitle "EXT 2022"]
[Source "ChessBase"]
[SourceDate "2021.10.06"]
[SourceVersion "1"]
[SourceVersionDate "2021.10.06"]
[SourceQuality "1"]

1. d4 Nf6 2. Nc3 d5 3. Nf3 Bg4 4. e3 e6 5. Bd3 c5 6. b3 Nc6 7. Bb5 a6 8. Bxc6+ bxc6 9. Ba3 cxd4 10. Bxf8 dxc3 11. Bb4 Ne4 12. Qd4 f6 13. Bxc3 Bxf3 14. gxf3 Nxc3 15. Qxc3 Qd6 16. Rd1 e5 17. e4 a5 18. a3 0-0 19. Qc4 Rfd8 20. Qd3 Qxa3 21. c4 d4 22. Qd2 Qxb3 23. 0-0 Qxf3 24. Qd3 Qxd3 25. Rxd3 a4 26. Ra3 Rdb8 27. Rfa1 Rb4 28. Kg2 c5 29. Kg3 Rxc4 30. Kg4 Rb4 31. Kf5 Kf7 32. f4 g6+ 33. Kg4 c4 34. Kf3 Rb3+ 35. Ke2 Rxa3 36. Rxa3 Ke6 37. Kd2 exf4 38. Rh3 a3 0-1